| 000 | 00729cas a2200265u| 4500 | ||
|---|---|---|---|
| 001 | 7377362 | ||
| 003 | BD-DhUL | ||
| 005 | 20161208110831.0 | ||
| 008 | 830714q nyu |||||||||||| ||eng| | ||
| 010 | _a 40003139 | ||
| 040 |
_aDLC _cCarP _dDLC _dBD-DhUL |
||
| 050 | 0 | 0 |
_aNA11 _b.L6 |
| 051 | _c2d set. | ||
| 082 |
_a508.5 _bYEA |
||
| 110 | 2 | _aLong island society of architects. [from old catalog] | |
| 245 | 0 | 0 | _aYear book, 1939 / |
| 260 |
_aHempstead, N.Y.: _cc1939. |
||
| 300 |
_av. _c22 cm. |
||
| 310 | _aAnnual | ||
| 500 | _aRomanized. | ||
| 590 | _aPREMARC/SERLOC merged record | ||
| 700 | 1 |
_aJagow, Paul F., [from old catalog] _eed. |
|
| 906 |
_a0 _bcbc _cpremunv _du _encip _f19 _gy-gencatlg |
||
| 942 |
_2ddc _cBK |
||
| 999 |
_c132821 _d132821 |
||